Т. 9 (IX) : 1936 год; Гидрохимические материалы

מידע ביבליוגרפי
Parent link:Гидрохимические материалы: [сборник]/ Академия наук СССР (АН СССР), Гидрохимический институт. Т. 9 (IX) : 1936 год.— , 1915-1992
מחברים אחרים: Кашинский П. А. (редактор)
שפה:רוסית
יצא לאור: Новочеркасск, 1936
נושאים:
פורמט: ספר
KOHA link:https://koha.lib.tpu.ru/cgi-bin/koha/opac-detail.pl?biblionumber=325787

MARC

LEADER 00000nam2a2200000 4500
001 325787
005 20231102003809.0
035 |a (RuTPU)RU\TPU\book\351403 
035 |a RU\TPU\book\351402 
090 |a 325787 
100 |a 20161213d1936 k y0rusy50 ca 
101 0 |a rus 
102 |a RU 
105 |a a z 001zy 
200 0 |a Т. 9 (IX) : 1936 год  |f отв. ред. П. А. Кашинский 
210 |a Новочеркасск  |d 1936 
215 |a 191 с.  |c ил. 
320 |a Библиогр. в конце ст. 
320 |a Указатель авторов: с. 186-189 
461 1 |0 (RuTPU)RU\TPU\book\210718  |t Гидрохимические материалы  |o [сборник]  |f Академия наук СССР (АН СССР), Гидрохимический институт  |v Т. 9 (IX) : 1936 год  |d 1915-1992 
606 1 |a Гидрохимические материалы  |2 stltpush  |3 (RuTPU)RU\TPU\subj\7087  |9 34818 
610 1 |a природные воды 
610 1 |a сульфаты 
610 1 |a водный кадастр 
610 1 |a анализ 
610 1 |a исследования 
610 1 |a грязи 
610 1 |a солевые примеси 
610 1 |a минеральные воды 
610 1 |a рефераты 
610 1 |a библиографические указатели 
675 |a 556.114  |v 3 
702 1 |a Кашинский  |b П. А.   |4 340 
801 1 |a RU  |b 63413507  |c 20080702  |g PSBO 
801 2 |a RU  |b 63413507  |c 20170113  |g PSBO 
942 |c BK